| 000 | 00650nam a2200193Ia 4500 | ||
|---|---|---|---|
| 005 | 20250508150702.0 | ||
| 008 | 008 250505s9999 xx 000 0 eng d | ||
| 037 | _aTextual | ||
| 040 |
_aFEDL _beng _cFEDL |
||
| 041 |
_aeng _2eng |
||
| 084 |
_a370.942, ENG _qFEDL |
||
| 245 | 0 | _aEducation in 1948 : Being the report of the Ministry of Education and the statistics of public education for England and Wales | |
| 245 | 0 | _cEngland, Education (Ministry of-) | |
| 260 |
_aLondon, UK _bHis Majesty's Stationery Office _c1949 |
||
| 300 | _ax,201p | ||
| 650 | _aEducation | ||
| 942 |
_cTEXL _h370.942, ENG |
||
| 999 |
_c1325047 _d1325047 |
||